000 00573nam a2200205Ia 4500
003 GCL
008 140319s9999 xx 000 0 eng d
040 _aGCL /
_cGCL
082 0 4 _aCC
_b962
_bI M
100 1 _aFARES, BISHR
245 1 0 _aVISION CHRETIENNE ETSIGNES MUSULMANS /
_cFARES, BISHR
260 _a[S.N] :
_bIMPRIMERIE DE L'INSTITUT FRANCAIS ،
_c1961
300 _a109 P
490 _aMEMOIRES PRESENTES AL'INSTITUT D'EGYPTE
_v0
650 0 4 _aCOPTS
650 0 4 _aMUSLIM - EGYPT
650 0 4 _aEGYPT - HISTORY
650 0 4 _aEGYPT - RELIGION
942 _2ddc
_cBK
999 _c19230
_d19230